000 00334nam a22001457a 4500
008 221121b ||||| |||| 00| 0 eng d
020 _a0387088741
041 _aeng
080 _a621
082 _a621 SAN
100 _a19.1
101 _aMEKA
245 _aFOUNDATIONS OF THEORETICAL MECHANICS I
_cSANTILLI M R
942 _2udc
_cBK
999 _c58964
_d58964